| 000 | 02677nam a22005415i 4500 | ||
|---|---|---|---|
| 999 |
_c200457374 _d75586 |
||
| 003 | TR-AnTOB | ||
| 005 | 20231123162126.0 | ||
| 007 | cr nn 008mamaa | ||
| 008 | 210920s2022 si | s |||| 0|eng d | ||
| 020 | _a9789811646171 | ||
| 024 | 7 |
_a10.1007/978-981-16-4617-1 _2doi |
|
| 040 |
_aTR-AnTOB _beng _erda _cTR-AnTOB |
||
| 041 | _aeng | ||
| 050 | 4 | _aTA654.6 | |
| 072 | 7 |
_aTQ _2bicssc |
|
| 072 | 7 |
_aSCI026000 _2bisacsh |
|
| 072 | 7 |
_aTQ _2thema |
|
| 090 | _aTA654.6EBK | ||
| 245 | 1 | 0 |
_aRecent Advances in Earthquake Engineering _h[electronic resource] : _bSelect Proceedings of VCDRR 2021 / _cedited by Sreevalsa Kolathayar, Siau Chen Chian. |
| 250 | _a1st ed. 2022. | ||
| 264 | 1 |
_aSingapore : _bSpringer Nature Singapore : _bImprint: Springer, _c2022. |
|
| 300 | _a1 online resource | ||
| 336 |
_atext _btxt _2rdacontent |
||
| 337 |
_acomputer _bc _2rdamedia |
||
| 338 |
_aonline resource _bcr _2rdacarrier |
||
| 347 |
_atext file _bPDF _2rda |
||
| 490 | 1 |
_aLecture Notes in Civil Engineering, _x2366-2565 ; _v175 |
|
| 520 | _aThis book presents the select proceedings of the Virtual Conference on Disaster Risk Reduction (VCDRR 2021). It emphasizes on the role of civil engineering for a disaster-resilient society. It presents latest research in geohazards and their mitigation. Various topics covered in this book are earthquake hazard, seismic response of structures and earthquake risk. This book is a comprehensive volume on disaster risk reduction (DRR) and its management for a sustainable built environment. This book will be useful for the students, researchers, policy makers and professionals working in the area of civil engineering and earthquake engineering. . | ||
| 650 | 0 | _aEnvironmental engineering. | |
| 650 | 0 | _aCivil engineering. | |
| 650 | 0 | _aNatural disasters. | |
| 650 | 0 | _aGeotechnical engineering. | |
| 650 | 1 | 4 | _aEnvironmental Civil Engineering. |
| 650 | 2 | 4 | _aNatural Hazards. |
| 650 | 2 | 4 | _aGeotechnical Engineering and Applied Earth Sciences. |
| 653 | 0 | _aEarthquake engineering -- Congresses | |
| 653 | 0 | _aHazard mitigation -- Congresses | |
| 700 | 1 |
_aKolathayar, Sreevalsa. _eeditor. _4edt _4http://id.loc.gov/vocabulary/relators/edt |
|
| 700 | 1 |
_aChian, Siau Chen. _eeditor. _4edt _4http://id.loc.gov/vocabulary/relators/edt |
|
| 710 | 2 | _aSpringerLink (Online service) | |
| 830 | 0 |
_aLecture Notes in Civil Engineering, _x2366-2565 ; _v175 |
|
| 856 | 4 | 0 |
_uhttps://doi.org/10.1007/978-981-16-4617-1 _3Springer eBooks _zOnline access link to the resource |
| 942 |
_2lcc _cEBK |
||